000
00204 a2200097 4500
001
28389
100
_a
Livingstone, A
245
_a
Fluid dynamics
260
_a
_b
Addison Wesley
_c
090
_c
18997
_d
18997
942
_a
NUST-CAE
_c
M
_c
9998
999
_c
263462
_d
263462